| 000 | 00631nam a22001817a 4500 | ||
|---|---|---|---|
| 005 | 20251108171117.0 | ||
| 008 | 250721s1997 xx 000 0 ara d | ||
| 082 | 1 | 4 | _a216,8/رخي |
| 100 | 1 | _aأبو رخية، ماجد محمد | |
| 245 | 1 | 0 | _aالحدود في الفقه الإسلامي و ما عليه العمل في قانون العقوبات الإماراتي / |
| 264 | 1 |
_aالكويت : _bمكتبة الفلاح، _c1997. |
|
| 300 | _a231ص | ||
| 650 | 1 | 7 | _aالفقه الإسلامي |
| 650 | 1 | 7 | _aالحدود (شريعة إسلامية) |
| 650 | 1 | 7 | _aالعقوبات |
| 942 |
_2ddc _cBK |
||
| 999 |
_c56859 _d56859 |
||